000
00293nam a2200121Ia 4500
008
190722s9999 xx 000 0 und d
020
_a
978-81-315-2185-4
100
_a
Soheila R.Lunney
245
4
_a
The Procurement Game Plan
260
_a
India
_b
J.Ross
_c
2012
300
_a
251
942
_c
BK
999
_c
1020
_d
1020